[Event "45th Rilton Cup 2015-16"]
[Site "Stockholm SWE"]
[Date "2015.12.28"]
[Round "2.45"]
[White "Krantz, Christopher"]
[Black "Petersson, Baldur Teodor"]
[Result "1-0"]
[WhiteElo "2230"]
[BlackElo "1870"]
[WhiteFideId "1707876"]
[BlackFideId "2309157"]
[EventDate "2015.12.27"]

1. d4 Nf6 2. Bf4 g6 3. e3 Bg7 4. Nf3 d6 5. Be2 O-O 6. O-O Nbd7 7. h3 c5 8. c3
Re8 9. Bh2 Qb6 10. Qb3 Qxb3 11. axb3 b6 12. Na3 Bb7 13. Nb5 Rec8 14. Nxa7 Rd8
15. Nb5 Ne8 16. Ra3 e5 17. dxe5 Nxe5 18. Nxe5 Bxe5 19. Rfa1 Bc6 20. Ra7 Kf8 21.
g4 Rxa7 22. Rxa7 Ra8 23. Rxa8 Bxa8 24. Bxe5 dxe5 25. Na3 Nd6 26. f3 g5 27. e4
Bc6 28. Kf2 Ke7 29. Ke3 Bd7 30. Bc4 b5 31. Bd5 Be6 32. Bxe6 fxe6 33. Kd2 Kd7 34.
Nc2 Kc6 35. Ne1 Nb7 36. Nd3 Kd6 37. b4 c4 38. Ne1 Ke7 39. Ng2 Nd6 40. Kc2 Nc8
41. Ne3 Nb6 42. b3 Kd6 43. Kb2 Kc6 44. Ka3 h6 45. bxc4 bxc4 46. Nf1 Kb5 47. Ng3
Na4 48. Ne2 Nb6 49. Kb2 Na4+ 50. Kc2 Kc6 51. Ng3 Kd6 52. Nf1 Kc6 53. Ne3 Kb5 54.
Ng2 Nb6 55. h4 Nc8 56. hxg5 hxg5 57. Ne3 Nd6 58. Nf1 Kb6 59. Kb2 Nb5 60. Ng3 Nd6
61. Nh1 Kc6 62. Nf2 Kb6 63. Nh3 Nf7 64. Ka3 Kb5 65. Ka2 Kb6 66. Kb2 Kc6 67. Nf2
Nd6 68. Nh1 Kb6 69. Ng3 Kc6 70. Nf1 Kb6 71. Ne3 Kc6 72. Nc2 Kb6 73. Na3 Kc6 74.
Kc2 Kb6 75. Kd2 Kc6 76. Ke2 Kb6 77. f4 exf4 78. e5 Ne4 79. Nxc4+ Kb5 80. Kf3
Nxc3 81. Nd6+ Kxb4 82. Nf7 Kc4 83. Nxg5 Kd4 84. Nf7 Nd5 85. g5 Ne7 86. Kxf4 Ng6+
87. Kg4 Ke4 88. Kh5 Nf4+ 89. Kh6 Kf5 90. Kh7 Ke4 1-0

[Event "45th Rilton Cup 2015-16"]
[Site "Stockholm SWE"]
[Date "2015.12.28"]
[Round "2.46"]
[White "Tuomainen, Felix"]
[Black "Hammar, Bengt"]
[Result "0-1"]
[BlackTitle "FM"]
[WhiteElo "2022"]
[BlackElo "2210"]
[WhiteFideId "1720813"]
[BlackFideId "1700391"]
[EventDate "2015.12.27"]

1. d4 Nf6 2. c4 g6 3. Nc3 Bg7 4. e4 d6 5. f4 O-O 6. Nf3 c5 7. d5 e6 8. dxe6 fxe6
9. Bd3 Nc6 10. O-O a6 11. Ng5 Rb8 12. Qe1 b5 13. Qh4 h6 14. Nf3 bxc4 15. Bxc4 d5
16. exd5 exd5 17. Rd1 Nd4 18. Bd3 Nf5 19. Qf2 d4 20. Bc4+ Kh7 21. Qc2 Qc7 22.
Nd5 Nxd5 23. Bxd5 Ne3 24. Bxe3 dxe3 25. Be4 Rxb2 26. Bxg6+ Kh8 27. Qd3 Qxf4 28.
Rac1 Bg4 29. Be4 Rxg2+ 30. Kxg2 Bxf3+ 31. Bxf3 Qxf3+ 32. Kg1 Bd4 33. Qg6 e2+ 0-1

[Event "45th Rilton Cup 2015-16"]
[Site "Stockholm SWE"]
[Date "2015.12.29"]
[Round "3.3"]
[White "Salomon, Johan"]
[Black "Krasenkow, Michal"]
[Result "0-1"]
[WhiteTitle "IM"]
[BlackTitle "GM"]
[WhiteElo "2438"]
[BlackElo "2610"]
[WhiteFideId "1509500"]
[BlackFideId "1113100"]
[EventDate "2015.12.27"]

1. d4 d5 2. c4 e6 3. Nf3 c6 4. Bg5 f6 5. Bf4 dxc4 6. e4 b5 7. Be2 Bb4+ 8. Nc3
Ne7 9. O-O O-O 10. Qc2 f5 11. Rad1 Bxc3 12. bxc3 fxe4 13. Qxe4 Nd5 14. Bd2 Qf6
15. Ng5 Qf5 16. Qh4 h6 17. Nh3 Qf6 18. Qg3 Nd7 19. Bg4 Qg6 20. Rfe1 Rf6 21. Nf4
Nxf4 22. Bxf4 Nb6 23. Be5 Rf7 24. Qh4 Qg5 25. Qxg5 hxg5 26. Bh5 Rb7 27. Re3 Bd7
28. Rg3 Be8 29. Bf3 Nd5 30. Bxd5 cxd5 31. Bd6 a5 32. a3 g4 33. Re1 Bh5 34. Kf1
Ra6 35. Bc5 Kf7 36. Re5 Bg6 37. Rxg4 b4 38. Rf4+ Ke8 39. axb4 axb4 40. Rf8+ Kd7
41. Rg5 Bd3+ 42. Ke1 Ra1+ 43. Kd2 bxc3+ 44. Kxc3 Rb3+ 45. Kd2 Ra2+ 46. Ke3 Bf5+
47. Kf4 Rxf2+ 48. Ke5 Re3# 0-1

[Event "45th Rilton Cup 2015-16"]
[Site "Stockholm SWE"]
[Date "2015.12.29"]
[Round "3.4"]
[White "Socko, Bartosz"]
[Black "Semcesen, Daniel"]
[Result "1-0"]
[WhiteTitle "GM"]
[BlackTitle "GM"]
[WhiteElo "2587"]
[BlackElo "2431"]
[WhiteFideId "1107038"]
[BlackFideId "1706993"]
[EventDate "2015.12.27"]

1. e4 e5 2. Nf3 Nc6 3. d4 exd4 4. Nxd4 g6 5. Nc3 Bg7 6. Nxc6 bxc6 7. Bc4 d6 8.
O-O Ne7 9. Bg5 O-O 10. Qd2 Rb8 11. Rad1 Be6 12. Bb3 Qd7 13. f4 f6 14. Bh4 Kh8
15. Bf2 Rb7 16. Qd3 Qc8 17. Qa6 Bg8 18. Rfe1 c5 19. Bxg8 Kxg8 20. b3 Rb8 21.
Qc4+ Kh8 22. Nd5 Nxd5 23. Qxd5 Qa6 24. a4 Rbe8 25. Bg3 Qb6 26. h4 Re7 27. h5
Rfe8 28. hxg6 hxg6 29. Kf2 Bh6 30. Kf3 Kg7 31. Bh2 Qb4 32. g4 Kf8 33. Re3 Rh7
34. Bg3 Bg7 35. c4 Qb8 36. Rde1 Qa8 37. Qxa8 Rxa8 38. e5 fxe5 39. fxe5 Bxe5 40.
Bxe5 dxe5 41. Rxe5 Rb8 42. Kf4 Rf7+ 43. Kg5 Rxb3 44. Re8+ Kg7 45. R1e6 Rb6 46.
a5 Rd6 47. Rxd6 cxd6 48. Rd8 Re7 49. Rxd6 Re5+ 50. Kf4 Re1 51. Rc6 Kh6 52. Rxc5
g5+ 53. Kf5 Rf1+ 54. Ke5 Rf4 55. Rc6+ Kg7 56. Rc7+ Kg6 57. c5 Rxg4 58. Rxa7 Rc4
59. Kd5 Rc1 60. a6 g4 61. Ra8 Kg7 62. a7 Ra1 63. c6 g3 64. c7 g2 65. Rg8+ 1-0

[Event "45th Rilton Cup 2015-16"]
[Site "Stockholm SWE"]
[Date "2015.12.29"]
[Round "3.5"]
[White "Hejazipour, Mitra"]
[Black "Hillarp Persson, Tiger"]
[Result "0-1"]
[WhiteTitle "WGM"]
[BlackTitle "GM"]
[WhiteElo "2357"]
[BlackElo "2521"]
[WhiteFideId "12505951"]
[BlackFideId "1700812"]
[EventDate "2015.12.27"]

1. d4 Nf6 2. c4 e6 3. Nf3 c5 4. d5 d6 5. Nc3 exd5 6. cxd5 g6 7. Bf4 a6 8. a4 Bg7
9. h3 O-O 10. e3 Ne8 11. Be2 Nd7 12. O-O b6 13. Nd2 Ne5 14. Bh2 f5 15. Qb3 Rb8
16. Kh1 Nc7 17. f4 Nf7 18. Bf3 b5 19. Nc4 Bd7 20. axb5 axb5 21. Na5 b4 22. Ne2
Qf6 23. Nc4 Bb5 24. Rfb1 Rfe8 25. Bg1 Ra8 26. Rxa8 Rxa8 27. Ng3 Ne8 28. Nf1 Qh4
29. Bh2 Bxc4 30. Qxc4 Ne5 31. Qe2 Nxf3 32. Qxf3 Ra2 33. e4 Rxb2 34. Rxb2 Bxb2
35. exf5 Bd4 36. fxg6 hxg6 37. Qe4 Ng7 38. Bg3 Qf6 39. Nd2 Nf5 40. Be1 Qe7 41.
Qb1 Qe2 42. Nf3 Be3 43. Bh4 Qc4 44. Be1 Qf1+ 0-1

[Event "45th Rilton Cup 2015-16"]
[Site "Stockholm SWE"]
[Date "2015.12.29"]
[Round "3.6"]
[White "Tikkanen, Hans"]
[Black "Johansson, Linus"]
[Result "1-0"]
[WhiteTitle "GM"]
[BlackTitle "IM"]
[WhiteElo "2515"]
[BlackElo "2423"]
[WhiteFideId "1706446"]
[BlackFideId "1711113"]
[EventDate "2015.12.27"]

1. e4 c5 2. Nf3 Nc6 3. Bb5 e6 4. O-O Nge7 5. Re1 a6 6. Bf1 d5 7. exd5 Nxd5 8. d4
Nf6 9. Be3 Be7 10. c4 O-O 11. Nc3 cxd4 12. Nxd4 Ne5 13. f3 Bd7 14. Bf2 Ng6 15.
a3 a5 16. Ndb5 Bxb5 17. Nxb5 Rc8 18. Qxd8 Rfxd8 19. Rad1 Nf8 20. Bb6 Rxd1 21.
Rxd1 a4 22. Bf2 N8d7 23. Nd6 Rd8 24. Be2 b6 25. Nb5 Rc8 26. Nc3 Ra8 27. f4 Bc5
28. Bxc5 Nxc5 29. Bf3 Rb8 30. Bc6 Kf8 31. Bxa4 Nxa4 32. Nxa4 b5 33. cxb5 Rxb5
34. b4 Nd5 35. g3 Rb8 36. Rd3 h5 37. Nc3 Nxb4 38. axb4 Rxb4 39. Ne2 h4 40. gxh4
e5 41. Kf2 exf4 42. Kf3 Rb2 43. h3 g6 44. Nxf4 Kg7 45. Kg4 Rb1 46. h5 Kh6 47.
hxg6 fxg6 48. Rd6 Rg1+ 49. Kf3 Kh7 50. Ng2 Rf1+ 51. Kg3 Rf5 52. Ne3 Ra5 53. Rd7+
Kg8 54. Kg4 1-0

[Event "45th Rilton Cup 2015-16"]
[Site "Stockholm SWE"]
[Date "2015.12.29"]
[Round "3.7"]
[White "Alekseev, Evgeny"]
[Black "Krupenski, Juri"]
[Result "1-0"]
[WhiteTitle "GM"]
[BlackTitle "FM"]
[WhiteElo "2642"]
[BlackElo "2406"]
[WhiteFideId "4138147"]
[BlackFideId "4501101"]
[EventDate "2015.12.27"]

1. e4 c5 2. Nf3 d6 3. d4 cxd4 4. Nxd4 Nf6 5. Nc3 a6 6. g3 e5 7. Nde2 Nbd7 8. a4
b6 9. Nd5 Bb7 10. Nec3 Be7 11. Bc4 O-O 12. O-O Nxd5 13. Bxd5 Bxd5 14. Nxd5 Nf6
15. Nxf6+ Bxf6 16. Qd5 Qc7 17. c4 Rac8 18. b3 Qc6 19. Rd1 Qxd5 20. Rxd5 Rc6 21.
Be3 Rb8 22. Kf1 Kf8 23. Ke2 Bd8 24. f4 f6 25. f5 Kf7 26. g4 h6 27. h4 Rbc8 28.
Kd3 Kf8 29. Rc1 a5 30. Rg1 Kf7 31. Kc3 Be7 32. Rd2 Rh8 33. Rdg2 Rh7 34. Rg3 Rh8
35. g5 hxg5 36. hxg5 Rh4 37. Kd3 fxg5 38. Bxg5 Bxg5 39. Rxg5 Rh3+ 40. Kc2 Rh2+
41. Kc1 Rh7 42. Rg6 Kf8 43. R1g3 Kf7 44. Kd2 Kf8 45. Kd3 Kf7 46. Ke3 Kf8 47. Kf3
Kf7 48. Kg2 Kf8 49. Rh3 Rxh3 50. Kxh3 Kf7 51. Kg4 1-0

[Event "45th Rilton Cup 2015-16"]
[Site "Stockholm SWE"]
[Date "2015.12.29"]
[Round "3.8"]
[White "Goganov, Aleksey"]
[Black "Sjodahl, Pontus"]
[Result "1-0"]
[WhiteTitle "GM"]
[BlackTitle "IM"]
[WhiteElo "2597"]
[BlackElo "2404"]
[WhiteFideId "24109959"]
[BlackFideId "1700537"]
[EventDate "2015.12.27"]

1. c4 Nf6 2. Nc3 e6 3. e4 d5 4. e5 Nfd7 5. d4 dxc4 6. Bxc4 c5 7. d5 Nxe5 8. Bb5+
Bd7 9. dxe6 fxe6 10. Qh5+ Nf7 11. Nf3 Bxb5 12. Nxb5 Qa5+ 13. Nc3 Qa6 14. Ng5 g6
15. Qf3 Nxg5 16. Bxg5 Bg7 17. O-O-O Bd4 18. Rxd4 cxd4 19. Qf6 1-0

[Event "45th Rilton Cup 2015-16"]
[Site "Stockholm SWE"]
[Date "2015.12.29"]
[Round "3.9"]
[White "Sagit, Rauan"]
[Black "Donchenko, Alexander"]
[Result "1/2-1/2"]
[WhiteTitle "FM"]
[BlackTitle "GM"]
[WhiteElo "2375"]
[BlackElo "2588"]
[WhiteFideId "1708376"]
[BlackFideId "24603295"]
[EventDate "2015.12.27"]

1. Nf3 d5 2. g3 c5 3. c4 d4 4. b4 cxb4 5. a3 b3 6. d3 Nc6 7. Nbd2 e5 8. Bg2 Nf6
9. O-O Be7 10. Nxb3 O-O 11. e3 dxe3 12. fxe3 e4 13. Nfd4 Bg4 14. Qc2 exd3 15.
Qxd3 Rc8 16. c5 b6 17. cxb6 axb6 18. Qb5 Nxd4 19. Nxd4 Rc5 20. Qb3 Qd7 21. Qxb6
Bh3 22. Qb2 Rh5 23. Bxh3 Rxh3 24. Qg2 Rh5 25. Rb1 Bc5 26. Rb5 Re8 27. a4 h6 28.
Qc6 Qh3 29. Qg2 Qg4 30. Qf3 Qh3 31. Qg2 Qd7 32. Qc6 Qh3 33. Qg2 1/2-1/2

[Event "45th Rilton Cup 2015-16"]
[Site "Stockholm SWE"]
[Date "2015.12.29"]
[Round "3.11"]
[White "Ivanov, Sergey"]
[Black "Wallace, John Paul"]
[Result "1-0"]
[WhiteTitle "GM"]
[BlackTitle "IM"]
[WhiteElo "2556"]
[BlackElo "2383"]
[WhiteFideId "4101375"]
[BlackFideId "3200957"]
[EventDate "2015.12.27"]

1. d4 Nf6 2. c4 e6 3. Nc3 Bb4 4. Qc2 c5 5. dxc5 Bxc5 6. Nf3 Qb6 7. e3 Qc7 8. b3
b6 9. Bb2 Bb7 10. Be2 Be7 11. Nb5 Qc6 12. O-O-O O-O 13. Ng5 Rc8 14. Nd6 Bxd6 15.
Bf3 Qc7 16. Bxf6 Ba3+ 17. Kb1 g6 18. h4 d5 19. h5 Nd7 20. hxg6 1-0

[Event "45th Rilton Cup 2015-16"]
[Site "Stockholm SWE"]
[Date "2015.12.29"]
[Round "3.12"]
[White "Cramling, Pia"]
[Black "Grandell, Anders"]
[Result "1-0"]
[WhiteTitle "GM"]
[BlackTitle "FM"]
[WhiteElo "2523"]
[BlackElo "2330"]
[WhiteFideId "1700030"]
[BlackFideId "1709771"]
[EventDate "2015.12.27"]

1. d4 f5 2. g3 Nf6 3. Bg2 g6 4. b4 Bg7 5. Bb2 O-O 6. c4 c6 7. Nf3 a5 8. b5 a4 9.
O-O d6 10. Na3 Ne4 11. Qc2 Qa5 12. Rfd1 Nd7 13. Nd2 d5 14. f3 Nxd2 15. Qxd2 Qxd2
16. Rxd2 f4 17. gxf4 Rxf4 18. e3 Rf8 19. cxd5 cxd5 20. Rc1 Bh6 21. Re2 Nf6 22.
Rc7 Kf7 23. Bc3 Rd8 24. Be1 Ne8 25. Rc5 Be6 26. Bg3 Rdc8 27. Kf2 b6 28. Rc6 Bd7
29. Rxb6 Rc3 30. Nc2 Ra5 31. Nb4 Bxb5 32. Re1 Bd7 33. Be5 Bf5 34. f4 Be6 35. Re2
Bg7 36. Rc2 Rxc2+ 37. Nxc2 Nf6 38. Bxf6 Bxf6 39. Nb4 Bh4+ 40. Ke2 g5 41. Nc6 1-0

[Event "45th Rilton Cup 2015-16"]
[Site "Stockholm SWE"]
[Date "2015.12.29"]
[Round "3.13"]
[White "Poetsch, Hagen"]
[Black "Storme, Isak"]
[Result "1-0"]
[WhiteTitle "IM"]
[WhiteElo "2509"]
[BlackElo "1864"]
[WhiteFideId "24615137"]
[BlackFideId "1728113"]
[EventDate "2015.12.27"]

1. e4 c5 2. Nf3 d6 3. d4 cxd4 4. Nxd4 Nf6 5. Nc3 g6 6. Be3 Bg7 7. f3 Nc6 8. Qd2
O-O 9. O-O-O d5 10. Qe1 e5 11. Nxc6 bxc6 12. exd5 Nxd5 13. Bc4 Be6 14. Kb1 Nxc3+
15. Qxc3 Qe7 16. Bb3 Bxb3 17. axb3 Qe6 18. Qc4 Qxc4 19. bxc4 e4 20. Rd7 exf3 21.
gxf3 Rab8 22. b3 a5 23. Bf4 Ra8 24. Ka2 Rfe8 25. Rhd1 c5 26. Ka3 Bd4 27. Ka4 Kg7
28. R1xd4 cxd4 29. c5 Re2 30. c6 Rxc2 31. c7 g5 32. Be5+ Kg6 33. Rd8 Rc8 34.
Rxc8 d3 35. Rg8+ Kf5 36. c8=Q+ Rxc8 37. Rxc8 d2 38. Rd8 d1=B 39. Rxd1 1-0

[Event "45th Rilton Cup 2015-16"]
[Site "Stockholm SWE"]
[Date "2015.12.29"]
[Round "3.14"]
[White "Koykka, Pekka"]
[Black "Westerberg, Jonathan"]
[Result "1/2-1/2"]
[WhiteTitle "FM"]
[BlackTitle "IM"]
[WhiteElo "2326"]
[BlackElo "2497"]
[WhiteFideId "504319"]
[BlackFideId "1701754"]
[EventDate "2015.12.27"]

1. Nf3 c5 2. g3 Nc6 3. c4 g6 4. Bg2 Bg7 5. O-O d6 6. Nc3 Qd7 7. d3 b6 8. Bd2 Bb7
9. e3 e6 10. Qe2 Nge7 11. Rfd1 O-O 12. Be1 d5 13. cxd5 Nxd5 14. a3 Rad8 15. Qc2
Rc8 16. Qa4 Rfd8 17. d4 Nxc3 18. Bxc3 cxd4 19. Nxd4 Nxd4 20. Qxd7 Rxd7 21. Bxd4
Bxg2 22. Kxg2 Rcd8 23. Rdc1 Bxd4 24. exd4 Rxd4 25. Rc7 a5 26. Rb7 R8d6 27. Rc1
R4d5 28. a4 e5 29. Rc8+ Kg7 30. Rcb8 Rd2 31. Rxb6 R6d4 32. Rb3 Rxa4 33. R8b7 e4
34. Re7 Rb4 35. Rxb4 axb4 36. Rxe4 Rxb2 37. g4 Kf6 38. h4 h6 39. Rf4+ Ke6 40. g5
hxg5 41. hxg5 Kd5 42. Rxf7 Re2 43. Rb7 Kc5 44. Kg3 Rd2 45. f4 Rd5 46. Kf3 Kc4
47. Ke4 Rc5 48. Ke3 b3 49. Kd2 Rc6 50. Kc1 Kc3 51. Kb1 Re6 52. Rc7+ Kb4 53. Rb7+
Kc4 54. Rc7+ Kd5 55. Rf7 Kc4 56. Rc7+ Kb4 57. Rb7+ Ka4 58. Ra7+ Kb5 59. Rb7+ Kc4
60. Rc7+ Kd4 61. Rf7 Kd5 62. Kb2 Re3 63. f5 gxf5 64. Rxf5+ Ke6 65. Rb5 Rg3 66.
Rxb3 Rg2+ 67. Kc3 Rxg5 68. Rb6+ Kd7 1/2-1/2

[Event "45th Rilton Cup 2015-16"]
[Site "Stockholm SWE"]
[Date "2015.12.29"]
[Round "3.15"]
[White "Arman, Deniz"]
[Black "Zumsande, Martin"]
[Result "0-1"]
[WhiteTitle "FM"]
[BlackTitle "IM"]
[WhiteElo "2332"]
[BlackElo "2442"]
[WhiteFideId "6302106"]
[BlackFideId "4651324"]
[EventDate "2015.12.27"]

1. e4 e6 2. d4 d5 3. Nc3 Nf6 4. e5 Nfd7 5. f4 c5 6. Nf3 a6 7. Be3 Qb6 8. Na4
Qa5+ 9. c3 cxd4 10. b4 Qc7 11. Qxd4 Nc6 12. Qd2 b5 13. Nb2 f6 14. a4 bxa4 15.
Rxa4 Rb8 16. Bxa6 fxe5 17. fxe5 Ndxe5 18. Nxe5 Nxe5 19. Bd4 Bd7 20. Ra1 Nc6 21.
Be2 Nxd4 22. Qxd4 e5 23. Qd3 Bb5 24. Qh3 Bxe2 25. Kxe2 Bxb4 26. Qe6+ Be7 27. Nd3
Qd6 28. Qf5 e4 29. Nb4 Rf8 30. Qxd5 Qxd5 31. Nxd5 Bc5 32. Kd1 Bf2 33. Kc2 Rf5
34. c4 Bd4 35. Raf1 Rb2+ 36. Kc1 Rxf1+ 37. Rxf1 Rxg2 38. Rf4 Bb2+ 39. Kd1 Rxh2
40. Rxe4+ Kd7 41. Re2 Rh1+ 42. Kc2 Bd4 43. Re4 Ba1 44. Nb4 Kd6 45. Nd3 h5 46.
Kd2 Bf6 47. Ke2 Rh2+ 48. Kf3 Rh3+ 49. Ke2 Rh2+ 50. Kf3 g5 51. Nf2 Be5 52. Re2
g4+ 53. Ke3 Kc6 54. Nd3 Bd4+ 55. Kd2 g3 56. Nf4 h4 57. Kd3 Bc5 58. Re6+ Kd7 59.
Rg6 Bd6 60. Nd5 Rh1 61. Ne3 h3 62. Ke2 Rh2+ 63. Kd3 Rf2 64. c5 Bb8 65. c6+ Ke7
66. Rg7+ Rf7 67. Nf5+ Kf6 68. Rxg3 Bxg3 69. Nxg3 Kg5 70. Ke4 Kg4 71. Nh1 Re7+ 0-1

[Event "45th Rilton Cup 2015-16"]
[Site "Stockholm SWE"]
[Date "2015.12.29"]
[Round "3.16"]
[White "Kolosowski, Mateusz"]
[Black "Martins, David Pires Tavares"]
[Result "1-0"]
[WhiteTitle "IM"]
[BlackTitle "FM"]
[WhiteElo "2423"]
[BlackElo "2372"]
[WhiteFideId "1129708"]
[BlackFideId "1909991"]
[EventDate "2015.12.27"]

1. d4 d6 2. Nf3 f5 3. g3 Nf6 4. Bg2 g6 5. O-O Bg7 6. b3 O-O 7. Bb2 Ne4 8. Nbd2
Nc6 9. Ne1 Nxd2 10. Qxd2 e5 11. Bd5+ Kh8 12. Bxc6 bxc6 13. dxe5 dxe5 14. Rd1
Qxd2 15. Rxd2 e4 16. Bxg7+ Kxg7 17. f3 exf3 18. Rxf3 Be6 19. Rc3 Bd5 20. Nd3 Rf6
21. Nb4 Be4 22. Rd7+ Rf7 23. Rxf7+ Kxf7 24. Nxc6 Ke6 25. Nd4+ Kd7 26. Kf2 c6 27.
Ke3 Re8 28. Kd2 Kd6 29. b4 Bd5 30. Ra3 Re7 31. Ra6 Rb7 32. a3 Kd7 33. Kd3 Rc7
34. c4 Bf7 35. Kc3 Bg8 36. Ra5 Bf7 37. Nf3 Kd6 38. Ne5 Be8 39. Kd4 Ke6 40. Ra6
Rc8 41. Nd3 Rc7 42. Kc5 f4 43. Nxf4+ Ke5 44. Nd3+ Ke4 45. Kd6 Rd7+ 46. Ke6 Ke3
47. Ne5 Rb7 48. Nxc6 Kxe2 49. Ne5 1-0

[Event "45th Rilton Cup 2015-16"]
[Site "Stockholm SWE"]
[Date "2015.12.29"]
[Round "3.17"]
[White "Eriksson, Jorgen"]
[Black "Meskovs, Nikita"]
[Result "0-1"]
[BlackTitle "IM"]
[WhiteElo "2206"]
[BlackElo "2511"]
[WhiteFideId "1701967"]
[BlackFideId "11602740"]
[EventDate "2015.12.27"]

1. d4 Nf6 2. Bg5 Ne4 3. Bf4 c5 4. d5 Qb6 5. Nd2 Qxb2 6. Nxe4 Qb4+ 7. c3 Qxe4 8.
e3 g5 9. Bg3 Bg7 10. Rc1 d6 11. h4 g4 12. Ne2 Nd7 13. Nf4 Ne5 14. Bb5+ Bd7 15.
Bxd7+ Kxd7 16. O-O h5 17. c4 Qf5 18. Qe2 Kc7 19. e4 Qd7 20. Nd3 Nxd3 21. Qxd3
Bd4 22. Rfe1 e5 23. dxe6 fxe6 24. e5 d5 25. cxd5 Qxd5 26. Red1 Rad8 27. Qc2 Kb8
28. Rd2 Rhf8 29. Re1 Rf5 30. Ree2 b5 31. Kh2 Kb7 32. Kg1 Kb6 33. Kh2 a5 34. Re4
a4 35. Bf4 Qc4 36. Qd1 Rd5 37. g3 Rf7 38. Rc2 Qb4 39. Qe2 Qa3 40. Be3 Rf3 41.
Bxd4 cxd4 42. Rd2 Qc3 43. Rf4 Rxf4 44. gxf4 Qh3+ 45. Kg1 g3 46. Qf3 Qh2+ 47. Kf1
g2+ 48. Qxg2 Qxf4 49. Qg5 Qe4 50. Qg8 Qh1+ 51. Ke2 Rxe5+ 0-1

[Event "45th Rilton Cup 2015-16"]
[Site "Stockholm SWE"]
[Date "2015.12.29"]
[Round "3.18"]
[White "Henriksson, Johan"]
[Black "Miezis, Normunds"]
[Result "0-1"]
[WhiteTitle "FM"]
[BlackTitle "GM"]
[WhiteElo "2286"]
[BlackElo "2493"]
[WhiteFideId "1703560"]
[BlackFideId "11600136"]
[EventDate "2015.12.27"]

1. d4 e6 2. g3 c5 3. Nf3 b5 4. Bg2 Bb7 5. O-O Nf6 6. a4 b4 7. a5 Na6 8. Nbd2 Be7
9. dxc5 Nxc5 10. Re1 O-O 11. Nd4 d5 12. N2b3 Rc8 13. Nxc5 Bxc5 14. Nb3 Bd6 15.
a6 Ba8 16. Be3 Qe7 17. Qd2 Ng4 18. Bg5 Qc7 19. Nd4 Qb6 20. Be3 Nxe3 21. Qxe3 Bc5
22. c3 Rfe8 23. Bh3 Rcd8 24. f4 f6 25. Qd3 e5 26. e3 exd4 27. exd4 Bf8 28. Bf5
h6 29. Qf3 Bc6 30. Qh5 Bd7 31. Bd3 Qd6 32. Qg6 f5 33. Bxf5 Qxg6 34. Bxg6 Rxe1+
35. Rxe1 Bb5 36. Bf5 Kf7 37. Be6+ Kf6 38. f5 g6 39. g4 h5 40. h3 hxg4 41. hxg4
gxf5 42. gxf5 Bd3 43. Re5 Be4 44. Kf2 bxc3 45. bxc3 Bd6 46. Rxe4 dxe4 47. Ke3
Ba3 48. Kxe4 Rd6 49. c4 Rxa6 50. c5 Ra4 51. Kd5 Bc1 52. c6 Bf4 53. Kc5 Bc7 54.
d5 Ra5+ 55. Kb4 a6 56. Kc4 Bd6 57. Kb3 Ke5 58. Kb2 Rb5+ 0-1

[Event "45th Rilton Cup 2015-16"]
[Site "Stockholm SWE"]
[Date "2015.12.29"]
[Round "3.19"]
[White "Sadeh, Shahin"]
[Black "Socko, Monika"]
[Result "1-0"]
[WhiteTitle "FM"]
[BlackTitle "GM"]
[WhiteElo "2284"]
[BlackElo "2437"]
[WhiteFideId "12503924"]
[BlackFideId "1106619"]
[EventDate "2015.12.27"]

1. e4 e6 2. d3 c5 3. Nf3 Nc6 4. g3 d5 5. Nbd2 Bd6 6. Bg2 Nge7 7. O-O O-O 8. Re1
Bc7 9. Qe2 b6 10. Nf1 a5 11. h4 e5 12. exd5 Nxd5 13. c4 Nde7 14. Ne3 f6 15. Nd5
Nxd5 16. cxd5 Nb4 17. d6 Qxd6 18. Nxe5 Rb8 19. Nc4 Qxd3 20. Qxd3 Nxd3 21. Re7
Be5 22. Bd5+ Kh8 23. Be4 Nxc1 24. Rxc1 Bg4 25. Nxe5 fxe5 26. Rxe5 Rbe8 27. Rxe8
Rxe8 28. f3 Be6 29. a3 Rd8 30. Rc2 g6 31. Kf1 Bb3 32. Rc3 c4 33. Bc2 Ba2 34. Ke2
b5 35. Re3 b4 36. axb4 axb4 37. Re7 c3 38. bxc3 Bc4+ 39. Ke3 bxc3 40. Rc7 Be6
41. Rxc3 Rc8 42. Rxc8+ Bxc8 43. Kd4 Kg7 44. Ke5 Bd7 45. Kd6 Bh3 46. Ke7 Bg2 47.
Bd1 h6 48. g4 Bf1 49. f4 Bd3 50. h5 Be4 51. hxg6 Kxg6 52. Ba4 Kh7 53. Be8 Bf3
54. Bh5 1-0

[Event "45th Rilton Cup 2015-16"]
[Site "Stockholm SWE"]
[Date "2015.12.29"]
[Round "3.20"]
[White "Rydstrom, Tom"]
[Black "Akesson, Ralf"]
[Result "1/2-1/2"]
[WhiteTitle "FM"]
[BlackTitle "GM"]
[WhiteElo "2266"]
[BlackElo "2421"]
[WhiteFideId "1714830"]
[BlackFideId "1700120"]
[EventDate "2015.12.27"]

1. e4 c6 2. Nc3 d5 3. Nf3 Bg4 4. d4 e6 5. Bd3 dxe4 6. Nxe4 Be7 7. c3 Nf6 8. h3
Bh5 9. Bf4 Nxe4 10. Bxe4 Nd7 11. Qe2 Bg6 12. Bxg6 hxg6 13. O-O O-O 14. Rfe1 Re8
15. Rad1 a5 16. c4 Bb4 17. Bd2 Bxd2 18. Qxd2 Qc7 19. Ne5 Nxe5 20. dxe5 Qb6 21.
Qc3 Qb4 22. Rd7 Red8 23. Red1 Rxd7 24. Rxd7 Qxc3 25. bxc3 b5 26. cxb5 cxb5 27.
Rb7 b4 28. cxb4 axb4 29. Rxb4 Rxa2 30. Rb8+ Kh7 31. Rb7 Kg8 1/2-1/2

[Event "45th Rilton Cup 2015-16"]
[Site "Stockholm SWE"]
[Date "2015.12.29"]
[Round "3.21"]
[White "Lindgren, Philip"]
[Black "Low, Zhen Yu Cyrus"]
[Result "1-0"]
[WhiteTitle "FM"]
[BlackTitle "FM"]
[WhiteElo "2418"]
[BlackElo "2256"]
[WhiteFideId "1713230"]
[BlackFideId "5804175"]
[EventDate "2015.12.27"]

1. c4 Nf6 2. g3 g6 3. Bg2 c5 4. Nf3 Bg7 5. Nc3 Nc6 6. d4 d5 7. O-O O-O 8. cxd5
Nxd5 9. Nxd5 Qxd5 10. Be3 cxd4 11. Nxd4 Qc4 12. Nxc6 bxc6 13. Qd2 Bg4 14. Rfc1
Qxe2 15. Qxe2 Bxe2 16. Rxc6 Rab8 17. Rb1 a6 18. b3 Rfd8 19. Re1 Bb5 20. Rc7 Bf6
21. Rec1 Bb2 22. Rb1 Bf6 23. Bf3 Rbc8 24. Rbc1 Rxc7 25. Rxc7 Kg7 26. a4 Bd3 27.
b4 e6 28. Bb6 Rb8 29. Bc5 Be5 30. Rb7 Rxb7 31. Bxb7 Bc3 32. f4 e5 33. fxe5 Bxe5
34. b5 axb5 35. a5 b4 36. Bxb4 Bd4+ 37. Kg2 Kf6 38. a6 Ba7 39. Be1 g5 40. Bf2
Bxa6 41. Bxa6 Bxf2 42. Kxf2 h5 43. Ke3 Kg6 44. h3 f5 45. Bd3 Kf6 46. Kd4 Ke6 47.
Be2 f4 48. g4 Kd6 49. Ke4 Ke6 50. Bc4+ Kf6 51. Bd5 1-0

[Event "45th Rilton Cup 2015-16"]
[Site "Stockholm SWE"]
[Date "2015.12.29"]
[Round "3.23"]
[White "Hagen, Andreas Skytte"]
[Black "Krantz, Christopher"]
[Result "1/2-1/2"]
[WhiteTitle "IM"]
[WhiteElo "2395"]
[BlackElo "2230"]
[WhiteFideId "1407341"]
[BlackFideId "1707876"]
[EventDate "2015.12.27"]

1. d4 d5 2. c4 e6 3. Nf3 Nf6 4. Nc3 Bb4 5. cxd5 exd5 6. Bg5 h6 7. Bh4 Nbd7 8. e3
g5 9. Bg3 Ne4 10. Nd2 Nxg3 11. hxg3 c6 12. Bd3 Nb6 13. a3 Be7 14. Qc2 Be6 15.
O-O-O Qc7 16. Kb1 O-O-O 17. Rc1 Kb8 18. Na4 Nxa4 19. Qxa4 h5 20. Qc2 h4 21. gxh4
gxh4 22. Nf3 Rdg8 23. Rh2 Bf6 24. Rch1 Qe7 25. Bh7 Rg7 26. Bf5 Rhg8 27. Nxh4
Bxh4 28. Rxh4 Rxg2 29. Ka2 a6 30. Rh8 Qf6 31. Rxg8+ Rxg8 32. Bxe6 fxe6 33. Rh7
Qf8 34. f4 Rg7 35. Rh6 Rg2 36. Qxg2 Qxh6 37. Qg8+ Ka7 38. Qf7 Qh3 39. Qe7 Qxe3
40. Qc5+ Ka8 41. Qf8+ Ka7 42. Qc5+ Ka8 43. Qf8+ Ka7 44. Qc5+ 1/2-1/2